|
|
|
|
| LEADER |
01669nam a2200397 i 4500 |
| 001 |
EBC5151846 |
| 003 |
MiAaPQ |
| 005 |
20200123123324.0 |
| 006 |
m o d | |
| 007 |
cr cnu|||||||| |
| 008 |
200123s2017 xx o 000 0 spa d |
| 020 |
|
|
|z 9782808003438
|
| 020 |
|
|
|a 9782808003421
|q (electronic bk.)
|
| 035 |
|
|
|a (MiAaPQ)EBC5151846
|
| 035 |
|
|
|a (Au-PeEL)EBL5151846
|
| 035 |
|
|
|a (CaPaEBR)ebr11471703
|
| 035 |
|
|
|a (OCoLC)1013824197
|
| 040 |
|
|
|a MiAaPQ
|b eng
|e rda
|e pn
|c MiAaPQ
|d MiAaPQ
|
| 050 |
|
4 |
|a HG4551
|b .M656 2017
|
| 082 |
0 |
|
|a 332.642
|2 23
|
| 100 |
1 |
|
|a Moine, Patrice,
|e author.
|
| 245 |
1 |
3 |
|a El crac bursatil de 1987 :
|b un seismo en el mundo de las finanzas /
|c por Patrice Moine ; traducido por Laura Bernal Martin.
|
| 264 |
|
1 |
|a [Place of publication not identified] :
|b 50Minutos.es,
|c [2017]
|
| 264 |
|
4 |
|c 2017
|
| 300 |
|
|
|a 1 online resource (27 pages)
|
| 336 |
|
|
|a text
|b txt
|2 rdacontent
|
| 337 |
|
|
|a computer
|b c
|2 rdamedia
|
| 338 |
|
|
|a online resource
|b cr
|2 rdacarrier
|
| 588 |
|
|
|a Description based on print version record.
|
| 590 |
|
|
|a Electronic reproduction. Ann Arbor, MI : ProQuest, 2018. Available via World Wide Web. Access may be limited to ProQuest affiliated libraries.
|
| 650 |
|
0 |
|a Stock exchanges.
|
| 655 |
|
4 |
|a Electronic books.
|
| 700 |
1 |
|
|a Bernal Martin, Laura,
|e translator.
|
| 776 |
0 |
8 |
|i Print version:
|a Moine, Patrice.
|t Crac bursatil de 1987 : un seismo en el mundo de las finanzas.
|d [Place of publication not identified] : 50Minutos.es, c2017
|h 27 pages
|z 9782808003438
|
| 797 |
2 |
|
|a ProQuest (Firm)
|
| 856 |
4 |
0 |
|u https://ebookcentral.proquest.com/lib/matrademy/detail.action?docID=5151846
|z Click to View
|